00569 a2200169 450000500170000001000150001702000270003203500140005903700130007308200130008624500760009925000090017526000850018427000870026930000240035670000190038020220803154936.0 aENG-134218 c1499.00a9789380077178 aEN-117750 bDBAD/PUB a891.5511 aShams-e-Tabrizi:cTranslated by Farida Maleki brumi's perfect teacher/ a2011 aNew Delhi bG.P.S. Bhalla, Secreatary, Science Of The Soul Research Centrec2011 aC/O Radha Soami Satsang Beas, 5 Guru Ravi Dass Marg, Pusa Road bNew Delhie110005 axvi;353p.c23cm(hb) aMaleki,Farida